Cómo dar feedback (Registro nro. 7021)

Detalles MARC
000 -LEADER
fixed length control field 00832 a2200217 4500
001 - CONTROL NUMBER
control field 60511
005 - DATE AND TIME OF LATEST TRANSACTION
control field 20260407155856.0
008 - FIXED-LENGTH DATA ELEMENTS--GENERAL INFORMATION
fixed length control field 260407a2009 arg spa d
003 - CONTROL NUMBER IDENTIFIER
control field AR-UNSa-BCEJYS
040 ## - CATALOGING SOURCE
Original cataloging agency AR-UNSa-BCEJYS
Language of cataloging spa
Transcribing agency AR-UNSa-BCEJYS
080 ## - UNIVERSAL DECIMAL CLASSIFICATION NUMBER
Universal Decimal Classification number 658.012.45
Common auxiliary subdivision Comunicaciones internas, información
020 ## - INTERNATIONAL STANDARD BOOK NUMBER
International Standard Book Number 978-956-8827-09-0
041 ## - LANGUAGE CODE
Language code of text/sound track or separate title spa
100 1# - MAIN ENTRY--PERSONAL NAME
Personal name Harris, Jaime O.
245 10 - TITLE STATEMENT
Title Cómo dar feedback
Name of part/section of a work Soluciones prácticas para los desafìos del día a día
264 #1 - PRODUCTION, PUBLICATION, DISTRIBUTION, MANUFACTURE, AND COPYRIGHT NOTICE
Place of production, publication, distribution, manufacture Chile :
Name of producer, publisher, distributor, manufacturer Impact Media Comercial
Date of production, publication, distribution, manufacture, or copyright notice 2009
300 ## - PHYSICAL DESCRIPTION
Extent 78 p.
Dimensions 19 cm.
505 ## - FORMATTED CONTENTS NOTE
Formatted contents note 1. ¿Qué es el feedback? - 2. Cuándo dar feedback – 3. Cómo dar feedback eficazmente – 4. Cómo recibir feedback abiertamente – 5. Cómo manejar los problemas del feedback –
590 ## - LOCAL NOTE (RLIN)
Local note niveau_biblio:m niveau_hierar:0
942 ## - ADDED ENTRY ELEMENTS (KOHA)
Koha item type
Existencias
Withdrawn status Lost status Damaged status Not for loan Home library Current library Shelving location Date acquired Total checkouts Full call number Barcode Date last seen Price effective from Koha item type
        Biblioteca Prof. Eusebio Cleto del Rey Biblioteca Prof. Eusebio Cleto del Rey   07/04/2026   658.012.45 C332 L129212 07/04/2026 07/04/2026 Libro